[Event "Let's Play Chess!"]
[Site "http://www.queenalice.com/game.php?id=115303"]
[Date "2006.10.10"]
[Round "-"]
[White "orbz"]
[Black "osvaldo123"]
[Result "1-0"]
[WhiteElo "1723"]
[BlackElo "1238"]

1. e4 e5 2. Nf3 Bd6 3. d4 Nc6 4. Bb5 Nb4 5. dxe5 Bc5 6. c3 c6 7. cxb4 Bxb4+ 8.
Bd2 Bc5 9. Be2 Qh4 10. Nxh4 d5 11. exd5 cxd5 12. O-O Ne7 13. Bb5+ Nc6 14. Re1 a6
15. Bxc6+ bxc6 16. Qc2 Bd7 17. Qxc5 Rb8 18. e6 fxe6 19. Bg5 Kf7 20. Qe7+ Kg8 21.
Qxd7 h6 22. Qxe6+ Kf8 23. Ng6# 1-0

[Event "Challenge"]
[Site "http://www.queenalice.com/game.php?id=115308"]
[Date "2006.10.10"]
[Round "-"]
[White "orbz"]
[Black "clemerson"]
[Result "1-0"]
[WhiteElo "1737"]
[BlackElo "1819"]

1. e4 e6 2. d4 d5 3. e5 c5 4. c3 Nc6 5. Bb5 Qb6 6. Bxc6+ bxc6 7. Nf3 cxd4 8.
cxd4 Ba6 9. Nc3 c5 10. Bg5 Qxb2 11. Rc1 cxd4 12. Qa4+ Bb5 13. Qxb5+ Qxb5 14.
Nxb5 Bb4+ 15. Bd2 Bxd2+ 16. Nxd2 Rd8 17. Rc7 a6 18. Nd6+ Rxd6 19. exd6 Kd8 20.
O-O Nf6 21. Rb1 Nd7 22. Rbb7 Rf8 23. Rxd7+ Kc8 24. Rdc7+ 1-0

[Event "Challenge"]
[Site "http://www.queenalice.com/game.php?id=148790"]
[Date "2007.1.1"]
[Round "-"]
[White "orbz"]
[Black "nm"]
[Result "1-0"]
[WhiteElo "1764"]
[BlackElo "1442"]

1. e4 d5 2. exd5 Qxd5 3. Nc3 Qa5 4. Nf3 Bg4 5. Be2 Nc6 6. O-O O-O-O 7. a3 e6 8.
d3 Bxf3 9. Bxf3 Nf6 10. Bxc6 bxc6 11. Qf3 Qa6 12. Bg5 Be7 13. Bxf6 Bxf6 14. Rfe1
Bxc3 15. bxc3 f5 16. Rxe6 g6 17. Rxc6 Qa5 18. Rb1 Qxa3 19. Rc4 Qa6 20. Qa8+ Kd7
21. Rd4+ Ke7 22. Re1+ Kf7 23. Rxd8 1-0

[Event "Challenge"]
[Site "http://www.queenalice.com/game.php?id=150254"]
[Date "2007.1.5"]
[Round "-"]
[White "orbz"]
[Black "tewald"]
[Result "1-0"]
[WhiteElo "1745"]
[BlackElo "1824"]

1. e4 e6 2. d4 d5 3. e5 c5 4. Nf3 Nc6 5. Bb5 Bd7 6. Bxc6 Bxc6 7. O-O Nh6 8. Re1
Nf5 9. Nc3 f6 10. exf6 Qxf6 11. dxc5 Bxc5 12. Nxd5 Bxd5 13. Qxd5 Be7 14. Rxe6
Qf7 15. Ne5 Rd8 16. Qxd8+ Kxd8 17. Nxf7+ Kd7 18. Rxe7+ Kxe7 19. Nxh8 Kf8 20. Bf4
1-0

[Event "Challenge"]
[Site "http://www.queenalice.com/game.php?id=150256"]
[Date "2007.1.5"]
[Round "-"]
[White "orbz"]
[Black "clemerson"]
[Result "0-1"]
[WhiteElo "1769"]
[BlackElo "1819"]

1. e4 e6 2. d4 d5 3. e5 c5 4. Nf3 cxd4 5. Nxd4 Bc5 6. Bb5+ Bd7 7. O-O Bxb5 8.
Nxb5 a6 9. N5c3 Ne7 10. Bg5 Qc7 11. Na4 Ba7 12. Kh1 Ng6 13. f4 Qd7 14. Nac3 O-O
15. f5 exf5 16. Nxd5 Qc6 17. Nf6+ gxf6 18. Bxf6 Nd7 19. Rxf5 Nxf6 20. exf6 Rad8
21. Qh5 Qe4 22. Nc3 Qh4 23. Qf3 Rfe8 24. g3 Qh3 25. Rh5 Qe6 26. Rf1 Rd2 27. Rf5
Qc6 28. Nd5 Qxc2 29. Qh5 Qe4+ 30. R5f3 Qe2 31. Qh3 Qe4 32. Qh6 Qxf3+ 33. Rxf3
Re1+ 0-1